Classical Music- All I's - Statistics

General Stats
  • This quiz has been taken 43 times
  • The average score is 5 of 10
Answer Stats
Hint Answer % Correct
Valuable substance used to make the white keys on a piano until its importation was banned ivory
88%
Term for freely working with a motif or harmonic progression without a written score improvisation
76%
20th century American composer whose day job was an insurance salesman Charles Ives
73%
Perfect 4th, major 3rd, minor 6th, etc. intervals
70%
Brahms and Schuman wrote pieces with this general title which suggests a fleeting idea impromptu
48%
A chord voiced so that the root is not the lowest note inverted chord
48%
The modal name for a major scale Ionian
33%
Debussy piano suite of 6 solos Images
27%
Weber piano composition, a waltz, that was orchestrated over 20 years later by Hector Berlioz Invitation to the Dance
9%
The second of 3 pieces in Debussy's orchestral composition "Images for Orchestra" Iberia
3%
No matching quizzes found
Score Distribution
Percent of People with Each Score
Percentile by Number Answered
Your Score History
You have not taken this quiz